000 00519nam a22001937a 4500
003 NUST - PNEC
005 20170116180813.0
008 150511b xxu||||| |||| 00| 0 eng d
020 _a0333348753
040 _cLIBRARY
082 _a510.2462 STR
100 _93520
_aStroud, K.A.
245 _aFurther engineering mathematics : programmes and problems
_cK.A. Stroud
250 _a-
260 _aLondon
_bMacmillan Education
_cc1986.
300 _a1074 p. :
650 _93521
_aMathematics
_xME
942 _2ddc
_cBK
999 _c63446
_d63446